000 00360 a2200157 4500
001 149945
040 _cEscola São Tomás de Aquino
100 _aAZEVEDO, Ricardo
240 1 0 _aNinguém sabe o que é um poema
_lpor
245 1 0 _aNinguém sabe o que é um poema
300 _a63
362 0 _a2006
440 1 _aÁtica
697 _aPoesia
942 _cBK
999 _c149945
_d149945